<?xml version="1.0" encoding="UTF-8"?>
<record
    xmlns:xsi="http://www.w3.org/2001/XMLSchema-instance"
    xsi:schemaLocation="http://www.loc.gov/MARC21/slim http://www.loc.gov/standards/marcxml/schema/MARC21slim.xsd"
    xmlns="http://www.loc.gov/MARC21/slim">

  <leader>01718nam a22002777a 4500</leader>
  <controlfield tag="005">20231205102240.0</controlfield>
  <controlfield tag="008">231205b           ||||| |||| 00| 0 eng d</controlfield>
  <datafield tag="020" ind1=" " ind2=" ">
    <subfield code="a">9788186423842</subfield>
  </datafield>
  <datafield tag="040" ind1=" " ind2=" ">
    <subfield code="c">AL</subfield>
  </datafield>
  <datafield tag="041" ind1=" " ind2=" ">
    <subfield code="a">English</subfield>
  </datafield>
  <datafield tag="082" ind1=" " ind2=" ">
    <subfield code="2">23</subfield>
    <subfield code="a">820.9</subfield>
    <subfield code="b">GILM</subfield>
  </datafield>
  <datafield tag="100" ind1=" " ind2=" ">
    <subfield code="a">Sandra M Gilbert and Susan Gubar</subfield>
    <subfield code="9">144430</subfield>
  </datafield>
  <datafield tag="245" ind1=" " ind2=" ">
    <subfield code="a">Madwoman in the Attic: The Woman Writer and the Nineteenth Century Literary Imagination</subfield>
  </datafield>
  <datafield tag="250" ind1=" " ind2=" ">
    <subfield code="a">2</subfield>
  </datafield>
  <datafield tag="260" ind1=" " ind2=" ">
    <subfield code="a">Delhi</subfield>
    <subfield code="b">Worldview Publications</subfield>
    <subfield code="c">2007</subfield>
  </datafield>
  <datafield tag="300" ind1=" " ind2=" ">
    <subfield code="a">719 p.</subfield>
    <subfield code="b">PB</subfield>
    <subfield code="c">22x14 cm.</subfield>
  </datafield>
  <datafield tag="365" ind1=" " ind2=" ">
    <subfield code="a">6516</subfield>
    <subfield code="b">&#x20B9;600.00</subfield>
    <subfield code="c">&#x20B9;</subfield>
    <subfield code="d">&#x20B9;750.00</subfield>
    <subfield code="e">20%</subfield>
    <subfield code="f">02-12-2023</subfield>
  </datafield>
  <datafield tag="520" ind1=" " ind2=" ">
    <subfield code="a">An analysis of Victorian women writers, this pathbreaking book of feminist literary criticism is now reissued with a substantial new introduction by Sandra Gilbert and Susan Gubar that reveals the origins of their revolutionary realization in the 1970s that "the personal was the political, the sexual was the textual."
"The classic argument for a women&#x2019;s literary tradition."&#x2015;Scott Heller, Chronicle of Higher Education
"The Madwoman in the Attic, The Woman Writer and the Nineteenth-Century, originally published in 1979, has long since become a classic, one of the most important works of literary criticism of the 20th century. This new edition contains an introduction titled 'The Madwoman in the Academy' that is, quite simply, a delight to read, warmly witty, provocative, informative and illuminating."&#x2015;Joyce Carol Oates, Princeton University
</subfield>
  </datafield>
  <datafield tag="650" ind1=" " ind2=" ">
    <subfield code="a">Woman</subfield>
    <subfield code="9">144431</subfield>
  </datafield>
  <datafield tag="650" ind1=" " ind2=" ">
    <subfield code="a">Women and literature</subfield>
    <subfield code="9">144432</subfield>
  </datafield>
  <datafield tag="650" ind1=" " ind2=" ">
    <subfield code="a">19th century</subfield>
    <subfield code="9">144433</subfield>
  </datafield>
  <datafield tag="650" ind1=" " ind2=" ">
    <subfield code="a">History and criticism</subfield>
    <subfield code="9">144434</subfield>
  </datafield>
  <datafield tag="700" ind1=" " ind2=" ">
    <subfield code="a">GILBERT (Sandra M)</subfield>
    <subfield code="9">144435</subfield>
  </datafield>
  <datafield tag="700" ind1=" " ind2=" ">
    <subfield code="a">GUBAR (Susan)</subfield>
    <subfield code="9">144436</subfield>
  </datafield>
  <datafield tag="942" ind1=" " ind2=" ">
    <subfield code="2">ddc</subfield>
    <subfield code="c">BK</subfield>
  </datafield>
  <datafield tag="999" ind1=" " ind2=" ">
    <subfield code="c">229375</subfield>
    <subfield code="d">229375</subfield>
  </datafield>
  <datafield tag="952" ind1=" " ind2=" ">
    <subfield code="0">0</subfield>
    <subfield code="1">0</subfield>
    <subfield code="2">ddc</subfield>
    <subfield code="4">0</subfield>
    <subfield code="7">0</subfield>
    <subfield code="8">ENG</subfield>
    <subfield code="a">AL</subfield>
    <subfield code="b">AL</subfield>
    <subfield code="d">2023-12-04</subfield>
    <subfield code="e">Biblios Book Point Surathkal Mangalore 575014</subfield>
    <subfield code="g">600.00</subfield>
    <subfield code="l">1</subfield>
    <subfield code="o">820.9 GILM</subfield>
    <subfield code="p">076981</subfield>
    <subfield code="r">2024-06-14 00:00:00</subfield>
    <subfield code="s">2024-01-02</subfield>
    <subfield code="u">https://ia803202.us.archive.org/32/items/TheMadwomanInTheAttic/The%20Madwoman%20in%20the%20Attic.pdf</subfield>
    <subfield code="v">750.00</subfield>
    <subfield code="w">2023-12-05</subfield>
    <subfield code="y">BK</subfield>
  </datafield>
</record>
